The bone orchard mythos. Ten thousand black feathers /

Trish and Jackie are best friends and avid gamers. But when the line between reality and their fantasy world is blurred by an evil darkness, can they be the heroes of their own story?

Bibliographic Details
Main Author: Lemire, Jeff (Author)
Other Authors: Stewart, Dave (Colorist), Wands, Steve (letterer.)
Format: Book
Language:English
Published: Portland, Oregon : Image Comics, Inc., [2023].
Subjects:

MARC

Tag First Indicator Second Indicator Subfields
LEADER 00000cam a2200000Ii 4500
001 in00004722421
008 220922t20232023orua 6 000 1 eng d
005 20230615191012.3
035 |a (OCoLC)on1345274934 
040 |a YDX  |e rda  |c YDX  |d BDX  |d WIM  |d TXA 
020 |a 1534325883  |q (hbk) 
020 |a 9781534325883  |q (hbk) 
035 |a (OCoLC)1345274934 
082 0 |a 741.5/973  |2 23 
090 |a PN6728.B66  |b L46 2023 
100 1 |a Lemire, Jeff,  |e author. 
240 1 0 |a Comic books.  |k Selections 
245 1 4 |a The bone orchard mythos.  |p Ten thousand black feathers /  |c Jeff Lemire, Andrea Sorrentino ; David Stewart, colorist ; Steve Wands, letterer & designer. 
246 3 0 |a Ten thousand black feathers 
264 1 |a Portland, Oregon :  |b Image Comics, Inc.,  |c [2023]. 
264 4 |c ©2023. 
300 |a 1 volume (unpaged) :  |b color illustrations ;  |c 27 cm. 
336 |a text  |b txt  |2 rdacontent 
336 |a still image  |b sti  |2 rdacontent 
337 |a unmediated  |b n  |2 rdamedia 
338 |a volume  |b nc  |2 rdacarrier 
520 |a Trish and Jackie are best friends and avid gamers. But when the line between reality and their fantasy world is blurred by an evil darkness, can they be the heroes of their own story? 
650 0 |a Video gamers  |v Comic books, strips, etc. 
650 0 |a Best friends  |v Comic books, strips, etc. 
650 0 |a Good and evil  |v Comic books, strips, etc. 
650 0 |a Comic books, strips, etc.  |z United States. 
700 1 |a Sorrentino, Andrea,  |e artist. 
700 1 |a Stewart, Dave,  |e colorist. 
700 1 |a Wands, Steve,  |e letterer. 
948 |h NO HOLDINGS IN TXA - 28 OTHER HOLDINGS 
994 |a Z0  |b TXA 
999 f f |s 37d1ebbc-959c-4fc1-8299-69ef4e82ea28  |i fabfe1d6-fc33-4a60-bad4-5e3e51a25cc4  |t 0 
952 f f |p normal  |a Texas A&M University  |b College Station  |c Sterling C. Evans Library  |d Evans: Library Stacks  |t 0  |e PN6728.B66 L46 2023  |h Library of Congress classification  |i unmediated -- volume  |m A14852525162 
998 f f |a PN6728.B66 L46 2023  |t 0  |l Evans: Library Stacks